000 00527nam a2200181 a 4500
001 000040668
005 20201002034306.0
008 130905s2002 sp a 000 0 spa d
020 _a8425216435
040 _aDO-SdBNP
_bspa
_cBNPHU
100 1 _aWong, Wucius
_967034
240 1 0 _aPrinciples of form desing
_lEspañol
245 1 0 _aFundamentos del diseño /
_cWucius Wong.
250 _a5a ed.
260 _aBarcelona :
_bGustavo Gilli,
_c2002.
300 _a348 p. :
_bils. ;
_c25 cm.
500 _aTraducido del idioma inglés
999 _c40158
_d40158